Widok standardowy
Widok MARC
Pozycja Personal Name
Liczba rekordów, w których użyto hasła: 1
001 - Numer kontrolny
- control field: 39284
003 - Identyfikator numeru kontrolnego
- control field: NUKAT
005 - Data i czas ostatniej modyfikacji
- control field: 20260331080837.0
008 - Dane kontrolne kodowane (40 znaków)
- fixed length control field: 060605n||a|znnaabn |a aaa |c
010 ## - Numer kontrolny Biblioteki Kongresu
- numer kontrolny LC: n 2006087317
024 7# - OTHER STANDARD IDENTIFIER
- Standard number or code: 102195285
- Source of number or code: viaf
024 7# - OTHER STANDARD IDENTIFIER
- Standard number or code: 0000000373406880
- Source of number or code: isni
040 ## - Instytucja sporządzająca rekord
- inst. przygot. dane do rek. khw: KIEL 010/KZ
- język haseł przedmiotowych/tezaurus: kaba
- inst. wprow. rek. khw: KIEL 010/KZ
100 1# - Hasło - nazwa osobowa
- nazwa osobowa w formie ujednoliconej: Borensztejn, Irena.
670 ## - Źródło informacji
- źródło informacji: Kp. IX Zjazd Komunistycznej Partii (bolszewików) Rosji : marzec - kwiecień 1920 : protokoły. - Warszawa, 1967.
- gdzie znaleziono informację: Tł., red.